Cliquez pour traduire - Portugais - Statistiques

Statistiques générales
  • Ce quiz a été pris 163 fois
  • Le résultat moyen est 18 sur 20
Statistiques - réponses
Hint Réponse % Correct
Amour Amor
98%
Lac Lago
98%
Onze Onze
98%
Rose Rosa
98%
Cuisine Cozinha
97%
Fête Festa
97%
Heure Hora
97%
Jeu Jogo
97%
Jardin Jardim
96%
Journal Jornal
96%
Viande Carne
95%
Samedi Sábado
95%
Pied
94%
Verre Vidro
94%
Jour Dia
92%
Argent Dinheiro
91%
Serpent Cobra
88%
Fille Menina
84%
Ferme Fazenda
75%
Couteau Faca
70%
Aucun quiz correspondant
Distribution des résultats
% des personnes avec chaque résultat
Percentile par nombre de réponses
Votre historique - résultats
Vous n’avez pas pris ce quiz